| 000 | 00533nam a2200181Ia 4500 | ||
|---|---|---|---|
| 008 | 100920s9999 xx 000 0 und d | ||
| 082 |
_b1693 _a370 थ 37 |
||
| 100 | _aBLACKIE JOHN HALDANE. | ||
| 245 | _aTHOUGHT AND FEELING IN ENGLISH VERSE. | ||
| 260 |
_bWILLIAM HEINEMANN LTD., LONDON. _c1937 |
||
| 300 |
_a80 _bसाधी |
||
| 365 | _b0 | ||
| 520 | _aई.एल.ए. | ||
| 630 | _aTHOUGHT AND FEELING IN ENGLISH VERSE. | ||
| 650 | _aई.एल.ए. | ||
| 730 | _aTHOUGHT AND FEELING IN ENGLISH VERSE. | ||
| 942 | _cBOOK | ||
| 999 |
_c672541 _d672538 |
||